| 000 | 00341pab a2200133 454500 | ||
|---|---|---|---|
| 008 | 180718b2002 xxu||||| |||| 00| 0 eng d | ||
| 245 | _aA WORLD without AIDS: a symposium on strategies to combat the HIV/AIDS pandemic | ||
| 260 | _c2002 | ||
| 300 | _ap.12-53. | ||
| 362 | _aDec | ||
| 650 | _aAIDS | ||
| 773 | _aSeminar, 520 | ||
| 909 | _a54554 | ||
| 999 |
_c54554 _d54554 |
||